000 00656nam a2200205 a 4500
001 000027635
003 DO-SdBNP
005 20241206085813.0
007 ta
008 110401s2002 dr ac 000 0 spa d
040 _aDO-SdBNP
_bspa
_cBNPHU
049 _aBNPD
082 4 _bR426r
_222
110 1 _aRepública Dominicana.
_bSecretaría de Estado de la Mujer
_938238
245 1 0 _aSecretaría de Estado de la Mujer :
_brendición de cuentas 16 de agosto 2001-2002.
260 _aSanto Domingo :
_bSecretaría de Estado de la Mujer,
_c2002.
300 _a72, [2] p. :
_bil., mapas, retrs ;
_c32 cm.
590 _aInventariado, 2022/BT
942 _2ddc
_cLBS1
999 _c27127
_d27127